000 00807nam a2200253Ia 4500
003 OSt
005 20220926024753.0
006 a|||||r|||| 00| 0
007 ta
008 220923b |||||||| |||| 00| 0 eng d
037 _cGeneral Book
040 _aRTL
_cRTL
_beng
041 _2eng
_aeng
082 _aX:89k33.3.N8, M7.2
100 _aHausner Victor A
_9279054
245 0 _aCritical issues in urban economic development
260 _aOxford
_bClarendon Press
_c1987
300 _axiv,205p
_ccm.
490 _aInner Cities Research Programme. Economic and Social Research Council, Special Research Studies^b8-9
650 _a Economic
_937751
650 _aRegional Planning
942 _hX:89k33.3.N8, M7.2
_cGB
_2CC
999 _c645420
_d645420